ARRUPE JESUIT UNIVERSITY

CORONAVIRUS -STOP THE SPREAD - CLEAN,DISINFECT,COVER

The promise of politics (Record no. 131751)

MARC details
000 -LEADER
fixed length control field 00489nam a22001337a 4500
008 - FIXED-LENGTH DATA ELEMENTS--GENERAL INFORMATION
fixed length control field 231002b |||||||| |||| 00| 0 eng d
050 ## - LIBRARY OF CONGRESS CALL NUMBER
Classification number JC251.A74 2005
100 ## - MAIN ENTRY--PERSONAL NAME
Personal name Arendt, Annah
9 (RLIN) 52345
245 ## - TITLE STATEMENT
Title The promise of politics
Statement of responsibility, etc Hannah, Arendt
260 ## - PUBLICATION, DISTRIBUTION, ETC. (IMPRINT)
Place of publication, distribution, etc New York
Name of publisher, distributor, etc Schocken Books
Date of publication, distribution, etc 2005
300 ## - PHYSICAL DESCRIPTION
Extent xxxv, ; 218p.
Dimensions 28cm.
650 ## - SUBJECT ADDED ENTRY--TOPICAL TERM
General subdivision Political science - Philosophy
-- Totalitarianism
-- Max, Karl, 1818-1883 - Influence
9 (RLIN) 52346
942 ## - ADDED ENTRY ELEMENTS (KOHA)
Source of classification or shelving scheme Library of Congress Classification
Item type Monograph ( Printed materials)
Classification part JC251.A74 2005
Holdings
Withdrawn status Lost status Source of classification or shelving scheme Damaged status Not for loan Home library Current library Shelving location Date acquired Total Checkouts Full call number Barcode Date last seen Date last borrowed Price effective from Koha item type
    Library of Congress Classification     ARRUPE LIBRARY ARRUPE LIBRARY Main Collection 02/10/2023 2 JC251.A74 2005 464123698 12/12/2023 02/10/2023 02/10/2023 Monograph ( Printed materials)

 

Arrupe Library. PO Box MP320 Mt Pleasant, Harare, Zimbabwe
263 242 745411|librarian@aju.ac.zw